000 00478nam a2200169Ia 4500
008 090201s9999 xx 000 0 und d
010 _aKPL-57826
040 _bमराठी
041 _aमराठी
082 _a7887
_b57826
100 _aसुमा करंदीकर
245 _aरास
_cसुमा करंदीकर
260 _c2004
_bमौज प्रकाशन
300 _a110
_bमोठा
600 _aरास
942 _cBOOK
999 _c208584
_d208584